000
00209 a2200097 4500
001
15353
100
_a
Potter U.B
245
_a
I will fly no more
260
_a
London
_b
George Allen
_c
090
_c
11984
_d
11984
942
_a
NUST-CAE
_c
M
_c
2207
999
_c
250426
_d
250426